La defensa, lenguaje de la esperanza. Parte 4: esperanza cristiana, proyecto histórico y dimensión utópica de la liberación /

محفوظ في:
التفاصيل البيبلوغرافية
المؤلف الرئيسي: Morales, Alberto
مؤلف مشترك: Encuentro de científicos sociales y teólogos sobre el tema "El discernimiento de las utopías", 2
التنسيق: وقائع المؤتمر
الوسوم: إضافة وسم
لا توجد وسوم, كن أول من يضع وسما على هذه التسجيلة!

MARC

LEADER 00000 a a2200000 04500
001 45054
003
040
100 |a Morales, Alberto  
111 |a Encuentro de científicos sociales y teólogos sobre el tema "El discernimiento de las utopías", 2  
245 |a La defensa, lenguaje de la esperanza. Parte 4:   |b esperanza cristiana, proyecto histórico y dimensión utópica de la liberación /  |c Alberto Morales  
773 |g páginas 421-426  
999 |c 30362  |d 30362